Statistics for Random U.S. Sports Team to State

Click here to take the quiz!

General Stats

  • This quiz has been taken 4,198 times
  • The average score is 8 of 10

Answer Stats

SportTeamState% Correct
NBALakersCalifornia
96%
NFLTexansTexas
96%
MLBYankeesNew York
95%
NFLBillsNew York
94%
NFLGiantsNew York
94%
NBAHeatFlorida
93%
NBANetsNew York
93%
NBAKnicksNew York
93%
NFLJetsNew York
92%
NFLJaguarsFlorida
91%
NFLDolphinsFlorida
91%
NBAWarriorsCalifornia
90%
NFL49ersCalifornia
90%
NBAKingsCalifornia
90%
NFLRamsCalifornia
89%
NBAMagicFlorida
89%
NBABullsIllinois
89%
NFLTitansTennessee
89%
NFLSeahawksWashington
89%
NBAClippersCalifornia
88%
NFLBroncosColorado
88%
NFLBuccaneersFlorida
88%
MLBMetsNew York
88%
NFLBrownsOhio
88%
NBAHawksGeorgia
87%
MLBCubsIllinois
87%
NFLBengalsOhio
87%
MLBAstrosTexas
87%
MLBDodgersCalifornia
86%
MLBBravesGeorgia
86%
NBAPacersIndiana
86%
NBACelticsMassachusetts
86%
MLBPhilliesPennsylvania
86%
NFLEaglesPennsylvania
86%
NBASunsArizona
85%
NBANuggetsColorado
85%
NBAPistonsMichigan
85%
NBATimberwolvesMinnesota
85%
NBACavaliersOhio
85%
NBASpursTexas
85%
NFLCowboysTexas
85%
NFLPackersWisconsin
85%
MLBAngelsCalifornia
84%
MLBMarlinsFlorida
84%
MLBWhite SoxIllinois
84%
NFLSaintsLouisiana
84%
MLBRed SoxMassachusetts
84%
NHLIslandersNew York
84%
NBAThunderOklahoma
84%
NFLCardinalsArizona
83%
NFLChargersCalifornia
83%
NFLFalconsGeorgia
83%
NFLBearsIllinois
83%
NFLRavensMaryland
83%
MLBTwinsMinnesota
83%
NBARocketsTexas
83%
NBAMavericksTexas
83%
MLBRangersTexas
83%
NFLVikingsMinnesota
82%
NHLStarsTexas
82%
NBAJazzUtah
82%
MLBDiamondbacksArizona
81%
MLBPadresCalifornia
81%
NBAPelicansLouisiana
81%
NFLChiefsMissouri
81%
MLBRockiesColorado
80%
NFLLionsMichigan
80%
NHLRangersNew York
80%
NBAHornetsNorth Carolina
80%
NFLSteelersPennsylvania
80%
NFLColtsIndiana
79%
NFLPanthersNorth Carolina
79%
MLBIndiansOhio
79%
NBATrail BlazersOregon
78%
NHLPenguinsPennsylvania
78%
NBA76ersPennsylvania
78%
MLBBrewersWisconsin
78%
MLBGiantsCalifornia
77%
MLBOriolesMaryland
77%
MLBTigersMichigan
77%
NBABucksWisconsin
77%
NHLBruinsMassachusetts
76%
NHLGolden KnightsNevada
76%
NHLFlyersPennsylvania
76%
NHLKingsCalifornia
75%
MLBRaysFlorida
75%
NBAGrizzliesTennessee
75%
MLBMarinersWashington
75%
NHLDucksCalifornia
74%
NHLAvalancheColorado
74%
MLBRedsOhio
74%
NHLBlackhawksIllinois
72%
NFLPatriotsMassachusetts
72%
MLBPiratesPennsylvania
72%
NHLDevilsNew Jersey
71%
NHLWildMinnesota
70%
MLBAthleticsCalifornia
69%
NHLLightningFlorida
69%
NHLCoyotesArizona
68%
MLBCardinalsMissouri
68%
MLBRoyalsMissouri
67%
NHLSharksCalifornia
66%
NHLSabresNew York
63%
NHLBlue JacketsOhio
63%
NHLPanthersFlorida
62%
NHLRed WingsMichigan
61%
NHLHurricanesNorth Carolina
61%
NHLPredatorsTennessee
59%
NHLBluesMissouri
54%

Score Distribution

Percentile by Number Answered

Percent of People with Each Score

Your Score History

You have not taken this quiz